[Event "Cutro op-B 15th"]
[Site "Cutro"]
[Date "2009.04.21"]
[Round "2"]
[White "Safari, Nasim"]
[Black "Paragliola, Gennaro"]
[Result "0-1"]
[WhiteElo "1440"]
[BlackElo "1635"]
[PlyCount "114"]
[EventDate "2009.04.20"]
[EventType "swiss"]
[EventRounds "7"]
[EventCountry "ITA"]
[SourceTitle "EXT 2011"]
[Source "ChessBase"]
[SourceDate "2010.11.26"]
[SourceVersion "1"]
[SourceVersionDate "2010.11.26"]
[SourceQuality "1"]

1. e4 d6 2. Nc3 e5 3. Nf3 g6 4. Be2 Bg7 5. 0-0 Nf6 6. d4 Nbd7 7. Bg5 0-0 8. Re1 h6 9. Bh4 g5 10. Bg3 Nh5 11. Bc4 Nxg3 12. hxg3 c6 13. Qd3 Qf6 14. b4 exd4 15. Ne2 Ne5 16. Qxd4 Nxf3+ 17. gxf3 Qxf3 18. Qe3 Qxe3 19. fxe3 Bxa1 20. Rxa1 Be6 21. Bxe6 fxe6 22. Nd4 Rf6 23. Rf1 Raf8 24. Rxf6 Rxf6 25. Kg2 Kf7 26. g4 a6 27. c4 c5 28. bxc5 dxc5 29. e5 cxd4 30. exf6 dxe3 31. Kf3 Kxf6 32. Kxe3 Ke5 33. Kd3 Kf4 34. Kd4 e5+ 35. Kc5 e4 36. Kb6 e3 37. c5 e2 38. Kxb7 e1Q 39. c6 Qe4 40. Kb6 Qe6 41. Kb7 Qxg4 42. c7 Qd7 43. a4 g4 44. a5 g3 45. Kb8 g2 46. c8Q Qxc8+ 47. Kxc8 g1Q 48. Kb7 Qf1 49. Kb6 h5 50. Kc5 h4 51. Kc6 h3 52. Kb6 h2 53. Kb7 h1R 54. Ka7 Qb5 55. Ka8 Qc6+ 56. Ka7 Rh7+ 57. Kb8 Qe8# 0-1